Datum a čas kvízu
38
Celkem bodů
Celkový počet nahraných bodů na tomto kvízu bez doplňovacích otázek.
3.
Pořadí na kvízu
Konečné umístění týmu na tomto kvízu.
Zaznamenané odpovědi
| # | Otázka | Odpověď | Body | Výsledky |
|---|---|---|---|---|
| 1. | Ředitel pražské zoologické zah... | Miroslav Bobek | 1 | |
| 2. | Ve které evropské metropoli se... | v Kodani | 1 | |
| 3. | Minulý pátek vyšlo již 12. stu... | The Life of a Showgirl | 0 | |
| 4. | Od 1. října 2025 došlo na Leti... | 2 000 mililitrů | 1 | |
| 5. | Česká republika má od minulého... | Linda Nosková | 1 | |
| 6. | Wikipedii s nejvyšší pravděpod... | z havajštiny | 0 | |
| 7. | Fanoušci kvízu občas jistě se... | D | 1 | |
| 8. | Dobrým zdrojem informací jsou... | Jsi chytřejší než páťák? | 1 | |
| 9. | Mnemotechnické pomůcky se hodí... | barvy duhy (pořadí) | 1 | |
| 10. | Někdy však k úspěchu v kvízu s... | 1A 2D 3B 4C | 1 |